KOHA-Header-6

Practical Manual of Biochemistry (Record no. 1642)

000 -LEADER
fixed length control field 00303nam a2200121Ia 4500
008 - FIXED-LENGTH DATA ELEMENTS--GENERAL INFORMATION
fixed length control field 190723s9999 xx 000 0 und d
020 ## - INTERNATIONAL STANDARD BOOK NUMBER
International Standard Book Number 978-93-81714-737
100 ## - MAIN ENTRY--PERSONAL NAME
Personal name Sadhana sharma
245 #0 - TITLE STATEMENT
Title Practical Manual of Biochemistry
260 ## - PUBLICATION, DISTRIBUTION, ETC. (IMPRINT)
Place of publication, distribution, etc New delhi
Name of publisher, distributor, etc Med Tech
Date of publication, distribution, etc 2016
300 ## - PHYSICAL DESCRIPTION
Extent 195.:p
942 ## - ADDED ENTRY ELEMENTS (KOHA)
Koha item type Books
Holdings
Withdrawn status Lost status Damaged status Not for loan Permanent Location Current Location Shelving location Date acquired Total Checkouts Full call number Barcode Date last seen Date checked out Price effective from Koha item type
        MAJU MAJU Shelf No.A36 2019-07-23 2 572 8265 2022-10-11 2022-10-04 2019-07-23 Bio Science

Powered by Koha